Յարալեզներու դաւաճանութիւնը ։ (Record no. 507969)
[ view plain ]
| 000 -LEADER | |
|---|---|
| fixed length control field | 00987nam a22002297a 4500 |
| 001 - CONTROL NUMBER | |
| control field | 1756049 |
| 003 - CONTROL NUMBER IDENTIFIER | |
| control field | AM-YEHGA |
| 005 - DATE AND TIME OF LATEST TRANSACTION | |
| control field | 20250618075909.0 |
| 008 - FIXED-LENGTH DATA ELEMENTS--GENERAL INFORMATION | |
| fixed length control field | 210217s2020 ai ||||gr|||||00| 0 arm|| |
| 020 ## - INTERNATIONAL STANDARD BOOK NUMBER | |
| International Standard Book Number | 9789939755618 |
| 040 ## - CATALOGING SOURCE | |
| Original cataloging agency | AM-YeHGA |
| 041 0# - LANGUAGE CODE | |
| Language code of text/sound track or separate title | arm |
| 090 ## - LOCALLY ASSIGNED LC-TYPE CALL NUMBER (OCLC); LOCAL CALL NUMBER (RLIN) | |
| -- | 511402 |
| 100 1# - MAIN ENTRY--PERSONAL NAME | |
| Personal name | Շահան, Շահնուր, |
| Dates associated with a name | 1903-1974 |
| 9 (RLIN) | 1747 |
| 245 10 - TITLE STATEMENT | |
| Title | Յարալեզներու դաւաճանութիւնը ։ |
| Remainder of title | Պատկերազարդ պատմութիւն Հայոց / |
| Statement of responsibility, etc. | Շ. Շահնուր ; Հրատարակության պատրաստեց, խմբագրեց, վերջաբանը գրեց՝ Ա. Անդրանիկեանը. |
| 260 ## - PUBLICATION, DISTRIBUTION, ETC. | |
| Place of publication, distribution, etc. | Երևան ։ |
| Name of publisher, distributor, etc. | Էդիթ Պրինտ, |
| Date of publication, distribution, etc. | 2020. |
| 300 ## - PHYSICAL DESCRIPTION | |
| Extent | 200 էջ ; |
| Dimensions | 21 սմ. |
| 490 0# - SERIES STATEMENT | |
| Series statement | Սփյուռք մատենաշար |
| 650 14 - SUBJECT ADDED ENTRY--TOPICAL TERM | |
| Topical term or geographic name entry element | Սփյուռքահայ արձակ |
| 700 1# - ADDED ENTRY--PERSONAL NAME | |
| Personal name | Անդրանիկյան, Արթուր Անդրանիկի, |
| Relator term | խմբագիր |
| Relationship | edt |
| Relator term | վերջաբանի հեղինակ |
| Relationship | aft |
| Dates associated with a name | 1959- |
| 9 (RLIN) | 2860 |
| 942 ## - ADDED ENTRY ELEMENTS (KOHA) | |
| Source of classification or shelving scheme | Universal Decimal Classification |
| Koha item type | Գրքեր / Books |
| Withdrawn status | Lost status | Source of classification or shelving scheme | Damaged status | Not for loan | Collection | Home library | Current library | Date acquired | Total checkouts | Full call number | Barcode | Date last seen | Price effective from | Koha item type | Public note |
|---|---|---|---|---|---|---|---|---|---|---|---|---|---|---|---|
| Universal Decimal Classification | General | Fundamental Scientific Library | Fundamental Scientific Library | 12/05/2021 | AII/107351 | FL0648120 | 12/05/2021 | 12/05/2021 | Գրքեր / Books | 30 Days Loan |
ՀՀ Գիտությունների ազգային ակադեմիայի հիմնարար գիտական գրադարան = Fundamental Scientific Library of NAS RA
All site content, except where otherwise noted, is licensed under a